000 00693cam a2200241 i 4500
001 BD-DhSAU 6547
003 BD-DhSAU
005 20150509182209.0
008 781201s1977 enka 000 0 eng
020 _a0194375064
040 _aBD-DhSAU
082 0 0 _a630.28
_222
_bMOU
100 1 _aMountford, Alan.
245 1 0 _aEnglish in agriculture /
_cAlan Mountford.
250 _aTeacher's ed.
260 _aNew York :
_bOxford University Press ,
_c1977.
300 _axxi, 156 p. :
_bill. ;
_c24 cm.
490 0 _aEnglish in focus
590 _aIMRAN
650 0 _aEnglish language
_xTextbooks for foreign speakers.
650 0 _aReaders
_xAgriculture.
650 0 _aAgriculture
_xLanguage.
942 _2ddc
_cBOOK
999 _c6547
_d6547